Tafseer-Ibn-i-Kaseer (Urdu) / (Record no. 35514)
[ view plain ]
| 000 -LEADER | |
|---|---|
| fixed length control field | 00636nam a22001697a 4500 |
| 005 - DATE AND TIME OF LATEST TRANSACTION | |
| control field | 20240403090619.0 |
| 008 - FIXED-LENGTH DATA ELEMENTS--GENERAL INFORMATION | |
| fixed length control field | 240402b |||||||| |||| 00| 0 eng d |
| 082 ## - DEWEY DECIMAL CLASSIFICATION NUMBER | |
| Classification number | 297.1225 |
| Item number | IBN-T |
| 100 ## - MAIN ENTRY--AUTHOR | |
| Author Name | Ibn-i-Kaseer, Ammad-ud-din |
| 245 ## - TITLE STATEMENT | |
| Title | Tafseer-Ibn-i-Kaseer (Urdu) / |
| Statement of responsibility, etc. | Moulana Muhammad joona Gari [Translator]. |
| 260 ## - PUBLICATION, DISTRIBUTION, ETC. | |
| Place of Publication | Pakistan : |
| Name of publisher, distributor, etc. | Islami Kutab Khana ; |
| 300 ## - PHYSICAL DESCRIPTION | |
| Pages | v-1 (736 p.), v-2 (640 p.), v-3 (656 p.), v-4 (624 p.),v. 5 (560 p.) : |
| 500 ## - GENERAL NOTE | |
| General note | 1-Set of 5 volumes. <br/>2-v-1 (736 p.), v-2 (640 p.), v-3 (656 p.), v-4 (624 p.),v. 5 (560 p.) |
| 650 ## - SUBJECT ADDED ENTRY--TOPICAL TERM | |
| Subject / Department | Literature/ Islamic |
| 650 ## - SUBJECT ADDED ENTRY--TOPICAL TERM | |
| Subject / Department | Tasfeer |
| 300 ## - PHYSICAL DESCRIPTION | |
| -- | 24.5 cm . |
| 952 ## - LOCATION AND ITEM INFORMATION (KOHA) | |
| -- | 0 |
| -- | 0 |
| 952 ## - LOCATION AND ITEM INFORMATION (KOHA) | |
| -- | 0 |
| -- | 0 |
| 952 ## - LOCATION AND ITEM INFORMATION (KOHA) | |
| -- | 0 |
| -- | 0 |
| 952 ## - LOCATION AND ITEM INFORMATION (KOHA) | |
| -- | 0 |
| -- | 0 |
| 952 ## - LOCATION AND ITEM INFORMATION (KOHA) | |
| -- | 0 |
| -- | 0 |
| Lost status | Damaged status | Collection code | Permanent Location | Current Location | Shelving Location | Date acquired | Full Call Number | Accession No./Barcode | Date last seen | item type | Koha item type |
|---|---|---|---|---|---|---|---|---|---|---|---|
| Literature/Urdu/eng/Islamic | Superior Information Resource Center (SIRC) Superior University- Main Campus | Superior Information Resource Center (SIRC) Superior University- Main Campus | Literature / Islamic | 04/02/2024 | 297.1225 IBN-T V-1 | 29193 | 04/26/2024 | BOOK | BOOK | ||
| Literature/Urdu/eng/Islamic | Superior Information Resource Center (SIRC) Superior University- Main Campus | Superior Information Resource Center (SIRC) Superior University- Main Campus | Literature / Islamic | 04/02/2024 | 297.1225 IBN-T V-2 | 29194 | 04/26/2024 | BOOK | BOOK | ||
| Literature/Urdu/eng/Islamic | Superior Information Resource Center (SIRC) Superior University- Main Campus | Superior Information Resource Center (SIRC) Superior University- Main Campus | Literature / Islamic | 04/02/2024 | 297.1225 IBN-T V-3 | 29195 | 04/26/2024 | BOOK | BOOK | ||
| Literature/Urdu/eng/Islamic | Superior Information Resource Center (SIRC) Superior University- Main Campus | Superior Information Resource Center (SIRC) Superior University- Main Campus | Literature / Islamic | 04/02/2024 | 297.1225 IBN-T V-4 | 29196 | 04/26/2024 | BOOK | BOOK | ||
| Literature/Urdu/eng/Islamic | Superior Information Resource Center (SIRC) Superior University- Main Campus | Superior Information Resource Center (SIRC) Superior University- Main Campus | Literature / Islamic | 04/02/2024 | 297.1225 IBN-T V-5 | 29197 | 04/26/2024 | BOOK | BOOK |
